[Event "Bottom-Half Class U1900"]
[Site "Warren, MI"]
[Date "2003.06.21"]
[Round "3.1"]
[White "Ho, Randy"]
[Black "Farmand, Farnood"]
[Result "1/2-1/2"]
[WhiteElo "1892"]
[BlackElo "1725"]
[PlyCount "72"]
[EventDate "2003.06.21"]

1. e4 e5 2. Nc3 Nf6 3. Nf3 Nc6 4. d4 exd4 5. Nxd4 d6 6. Be2 Be7 7. Be3 Nxd4 8.
Bxd4 c5 9. Be3 O-O 10. O-O Be6 11. f4 d5 12. exd5 Nxd5 13. Nxd5 Bxd5 14. Bf3
Bc4 15. Re1 Qb6 16. Qd7 Bf6 17. Qxb7 Qxb7 18. Bxb7 Rab8 19. Be4 Bxb2 20. Rad1
Bc3 21. Bxc5 Bxe1 22. Bxf8 Kxf8 23. Rxe1 Bxa2 24. Kf2 Bc4 25. Ra1 a6 26. Ke3
Rd8 27. Ra5 Bb5 28. Bd3 Bxd3 29. cxd3 Rd6 30. d4 Ke7 31. Kd3 Kd7 32. d5 Kc7 33.
Kd4 f6 34. Kc5 Rb6 35. Kc4 Kd6 36. Ra4 g5 1/2-1/2

[Event "Bottom-Half Class Top Section"]
[Site "Warren, MI"]
[Date "2003.06.21"]
[Round "2.2"]
[White "Hartwig, Thomas"]
[Black "Szpisjak, Steve"]
[Result "1/2-1/2"]
[WhiteElo "2155"]
[BlackElo "2200"]
[PlyCount "91"]
[EventDate "2003.06.21"]

1. e4 d6 2. d4 e5 3. Nf3 Nd7 4. Bc4 Be7 5. Nc3 c6 6. O-O Ngf6 7. dxe5 dxe5 8.
Qe2 O-O 9. h3 b5 10. Bb3 Bb7 11. Bg5 Qc7 12. a4 a6 13. axb5 axb5 14. Rxa8 Rxa8
15. Re1 Nc5 16. Nd2 Nxb3 17. cxb3 h6 18. Bh4 Bc8 19. Bg3 Be6 20. Qf3 Nd7 21.
Nd5 cxd5 22. exd5 Ra6 23. dxe6 Rxe6 24. Qc3 Rc6 25. Bxe5 b4 26. Bxc7 bxc3 27.
bxc3 Bg5 28. f4 Rxc7 29. fxg5 Rxc3 30. gxh6 gxh6 31. Rb1 Kf8 32. Kf2 Ke7 33.
Ne4 Rc2+ 34. Kg3 f5 35. Nf2 Kf6 36. Nd1 f4+ 37. Kxf4 Rxg2 38. b4 Rd2 39. b5
Rd4+ 40. Ke3 Rh4 41. Nf2 Nb6 42. Rc1 Nd5+ 43. Kf3 Rf4+ 44. Kg3 Rb4 45. Rc6+ Ke7
46. Rxh6 1/2-1/2

[Event "Bottom-Half Class U1700"]
[Site "Warren, MI"]
[Date "2003.06.21"]
[Round "2.8"]
[White "Haidukewych, Dan"]
[Black "Asbury, Victor"]
[Result "0-1"]
[WhiteElo "1672"]
[BlackElo "1587"]
[PlyCount "120"]
[EventDate "2003.06.21"]

1. Nf3 c5 2. e4 Nc6 3. g3 g6 4. Bg2 Bg7 5. O-O Nf6 6. Re1 O-O 7. Nc3 d6 8. d3
Bd7 9. Bd2 Qc8 10. e5 dxe5 11. Nxe5 Re8 12. Nxd7 Qxd7 13. Qc1 Rad8 14. Bh6 Nd4
15. Bxg7 Kxg7 16. Ne4 b6 17. Nxf6 Kxf6 18. Re4 Kg7 19. Rh4 Nf5 20. Re4 h5 21.
Bh3 e6 22. Qd2 Nd4 23. Bg2 Nb5 24. Rd1 Nd6 25. Qc3+ Kg8 26. Re2 Nb5 27. Qd2 Nd4
28. Re4 Nf5 29. Rde1 Nd6 30. R4e2 Re7 31. Bd5 Nf5 32. Bg2 c4 33. Be4 Nd4 34.
Re3 f5 35. Bg2 Qe8 36. c3 Nc6 37. d4 Kf7 38. f4 Rd6 39. Qe2 b5 40. a4 a6 41.
axb5 axb5 42. b3 Na5 43. Re5 Nxb3 44. d5 Nc5 45. Qe3 Nd3 46. dxe6+ Rdxe6 47.
Rxe6 Nxe1 48. Qxe1 Rxe6 49. Bd5 Kf6 50. Bxe6 Qxe6 51. Qd2 Qb6+ 52. Kf1 Ke7 53.
Ke2 Qe6+ 54. Qe3 Kd6 55. Qxe6+ Kxe6 56. Ke3 Kd5 57. h3 Kc5 58. Kd2 b4 59. cxb4+
Kxb4 60. h4 Kb3 0-1

[Event "Bottom-Half Class U1700"]
[Site "Warren, MI"]
[Date "2003.06.21"]
[Round "1.9"]
[White "Griffin, Mike"]
[Black "Poniatowski, Don"]
[Result "1/2-1/2"]
[WhiteElo "1601"]
[BlackElo "1350"]
[PlyCount "79"]
[EventDate "2003.06.21"]

1. d4 d5 2. c4 e6 3. Nc3 c5 4. Nf3 cxd4 5. Nxd4 Nf6 6. Bg5 Be7 7. e3 O-O 8. Bd3
dxc4 9. Bxc4 h6 10. Bh4 Nc6 11. Nxc6 bxc6 12. Qxd8 Rxd8 13. O-O g5 14. Bg3 Bb7
15. h3 Rd2 16. b3 Rad8 17. Rad1 Rxd1 18. Rxd1 Rxd1+ 19. Nxd1 Ne4 20. Be5 Bf6
21. Bxf6 Nxf6 22. f3 Nd7 23. Nf2 Ne5 24. Be2 f5 25. Nd3 Nxd3 26. Bxd3 Kg7 27.
e4 Kf6 28. g4 fxg4 29. hxg4 Ke5 30. Bc4 Bc8 31. Kf2 Kf4 32. Be2 Bd7 33. a4 c5
34. Bd3 Bc8 35. Bb5 e5 36. a5 Be6 37. Bc4 Bxc4 38. bxc4 a6 39. Ke2 Kg3 40. Ke3
1/2-1/2

[Event "Bottom-Half Class U1900"]
[Site "Warren, MI"]
[Date "2003.06.21"]
[Round "2.1"]
[White "Garrison, Ray"]
[Black "Dlugas, Dan"]
[Result "1/2-1/2"]
[WhiteElo "1887"]
[BlackElo "1737"]
[PlyCount "153"]
[EventDate "2003.06.21"]

1. e4 Nf6 2. e5 Nd5 3. d4 d6 4. Nf3 Bg4 5. Be2 e6 6. h3 Bh5 7. c4 Nb6 8. Bg5
Be7 9. Bxe7 Qxe7 10. exd6 cxd6 11. Nc3 Nc6 12. d5 Bxf3 13. gxf3 exd5 14. Nxd5
Nxd5 15. Qxd5 O-O 16. Kd2 Rae8 17. Rae1 Qf6 18. Kc1 Re5 19. Qd2 Rfe8 20. Bd1
Qe6 21. Rxe5 Qxc4+ 22. Kb1 dxe5 23. Bb3 Qd4 24. Qe3 Qxe3 25. fxe3 Rd8 26. Kc1
Na5 27. Bc2 Nc4 28. e4 Kf8 29. b3 Ne3 30. Bb1 Ke7 31. Re1 Ng2 32. Rg1 Nf4 33.
Rxg7 h5 34. Rg5 Ke6 35. Bc2 f6 36. Rg7 Rd7 37. Rg8 Nxh3 38. b4 Nf4 39. Bb3+ Kd6
40. Rf8 Nd3+ 41. Kd2 Nxb4 42. Kc3 Kc5 43. Rc8+ Nc6 44. Rh8 Nd4 45. Rxh5 Nxf3
46. Rf5 Nd4 47. Rxf6 Nxb3 48. axb3 Rd4 49. Rf7 Kb6 50. Rf6+ Kb5 51. Rf7 Ka6 52.
Rf6+ b6 53. Re6 Rxe4 54. Kd3 Rd4+ 55. Kc3 Rd5 56. Re7 Rc5+ 57. Kb4 Rd5 58. Kc3
Kb5 59. Rxa7 Rc5+ 60. Kb2 Rd5 61. Kc3 e4 62. Re7 Rd3+ 63. Kc2 Re3 64. Kd2 Rxb3
65. Rxe4 Rb4 66. Re3 Ka4 67. Kc2 b5 68. Rd3 Rc4+ 69. Kb2 Rh4 70. Ra3+ Kb4 71.
Rb3+ Kc4 72. Rc3+ Kd4 73. Rb3 Rh2+ 74. Ka3 Kc4 75. Rc3+ Kd4 76. Rb3 Kc4 77.
Rc3+ 1/2-1/2

[Event "Bottom-Half Class Top Section"]
[Site "Warren, MI"]
[Date "2003.06.21"]
[Round "1.1"]
[White "Gabbara, Faris"]
[Black "Finegold, Ben"]
[Result "0-1"]
[WhiteElo "2060"]
[BlackElo "2631"]
[Annotator "Tim McGrew"]
[PlyCount "172"]
[EventDate "2003.06.21"]

1. d4 Nf6 2. c4 c5 3. d5 e5 4. Nc3 d6 5. e4 Be7 6. Nf3 Nbd7 7. Bd3 Nf8 8. Bg5
Ng6 9. h3 O-O 10. O-O Nxd5 11. Bxe7 Ndxe7 12. Qd2 Nc6 13. Rad1 Nd4 14. Nxd4
cxd4 15. Ne2 a5 16. f4 f6 17. Rc1 b6 18. b4 axb4 19. Qxb4 Rxa2 20. f5 Rxe2 21.
Bxe2 Nf4 22. Rxf4 exf4 23. Rb1 Bb7 24. Bf3 Re8 25. Qxb6 Qxb6 26. Rxb6 Bxe4 27.
Rxd6 Bxf3 28. gxf3 Re3 29. Rxd4 Rxf3 30. Kg2 Rg3+ 31. Kh2 Rf3 32. Kg2 Rg3+ 33.
Kh2 Rc3 34. Rxf4 Kf7 35. Kg2 g6 36. Rh4 Kg7 37. Rd4 gxf5 38. Rd7+ Kg6 39. Rc7
h5 40. c5 Kg5 41. c6 Rc2+ 42. Kf3 Rc3+ 43. Kg2 Kf4 44. Rc8 Rc2+ 45. Kg1 Kg3 46.
Kf1 f4 47. c7 Kf3 48. Kg1 Rc1+ 49. Kh2 Kf2 50. Rh8 Rxc7 51. Rxh5 Kf3 52. h4
Rc2+ 53. Kh3 Rc1 54. Kh2 Kg4 55. Rh6 Rc2+ 56. Kg1 f5 57. Rg6+ Kxh4 58. Kf1 Kh3
59. Rg5 Kh4 {Know your fundamental endgames! DIAGRAM Faris has held Ben back
through the opening and the middlegame but has gradually been outplayed from
an equal position. Now Ben has two extra pawns -- but are they enough to win?
It all depends on White's technique.} 60. Rg8 (60. Rxf5 $1 {brings about a
known drawing position since White's king can go to the "short side" of the
pawn.} Kg3 61. Rf8 Kf3 62. Kg1 $1 Rc1+ 63. Kh2 $11 {and any good elementary
endgame book will demonstrate the draw from here.}) 60... f3 61. Rg7 Rg2 62.
Rb7 Kg3 63. Rg7+ Kf4 64. Rb7 ({Unfortunately for White, exchanging with} 64.
Rxg2 $4 {leaves Black with the opposition after} fxg2+ 65. Kxg2 Kg4 66. Kf2 Kf4
67. Kg2 Ke3 {etc.}) 64... Ra2 65. Re7 Rd2 66. Rb7 Rc2 67. Ra7 Rc8 {Ben tacks
around, looking for a weakness in Faris's technique. "Leaning" on one's
opponent is a well-known technique in such positions. It is hard to defend
accurately move after move, hour after hour...} 68. Rb7 Ra8 69. Kf2 Re8 70. Ra7
Re2+ 71. Kf1 Rg2 72. Rb7 {Repeating the position we had at move 64.} Rg6 73.
Kf2 Kg4 74. Rf7 (74. Rb4+ $1 {would take away the useful f4 square from
Black's king, making it much easier for White to hold the draw.}) 74... Rd6 75.
Rg7+ Kf4 76. Rb7 Rd2+ 77. Kf1 f2 78. Rb4+ Ke3 79. Rb3+ Kf4 80. Rf3+ {A cute
stalemate trick, but Ben isn't going to fall for it.} Kg4 81. Rg3+ Kf4 82. Rf3+
Ke4 83. Ra3 f4 84. Rf3 $4 {The long-awaited error.} (84. Rb3 {maintains the
barrier across the third rank, preventing Black from making any progress.})
84... Rd1+ $1 85. Ke2 f1=Q+ $1 {Now Ben simplifies into a won K+P vs K
position.} 86. Rxf1 Rxf1 0-1

[Event "Bottom-Half Class Top Section"]
[Site "Warren, MI"]
[Date "2003.06.21"]
[Round "2.1"]
[White "Finegold, Ben"]
[Black "Davidovich, Manis"]
[Result "1-0"]
[WhiteElo "2631"]
[BlackElo "2101"]
[Annotator "Tim McGrew"]
[PlyCount "45"]
[EventDate "2003.06.21"]

{Scandinavian: Modern} 1. e4 d5 2. exd5 Nf6 3. Nf3 {Ben ducks all theoretical
disputations that might arise from 3.d4 or 3.c4.} Nxd5 4. g3 {Completely tame.
But this is Ben's recipe for defeating players rated 500 points below him:
play innocuous systems and wait for the mistake.} Nc6 5. Bg2 Bg4 6. h3 Bf5 7.
Nc3 Nxc3 8. bxc3 {DIAGRAM} e6 {A little restrained.} (8... e5 {looks more
testing. White is deliberately holding back in the center, and perhaps Manis
was afraid of overextending, but there is a balance to be struck.}) 9. Rb1 Be4
{More maneuvers with this bishop. Meanwhile, when do Black's other pieces get
out?} 10. d3 Bd5 11. O-O (11. c4 $5 {looks good right away.}) 11... Ne7 12. c4
Bc6 13. d4 {DIGRAM Contrast this position with the position five moves ago.
Black's passive play has allowed White to take over the center unchallenged,
and Black is not close to castling.} Nf5 14. d5 $1 {Naturally: White opens the
center while the Black king is still in residence there.} exd5 15. Ne5 $1 Bc5
16. cxd5 Ba4 17. Qg4 Bxc2 18. Rb2 Nd4 19. Qxg7 Rf8 20. Nf3 ({This is fine, but
at this point many roads lead to Rome. There is nothing wrong with} 20. Bh6) ({
or} 20. Re1 {, for example.}) 20... Nxf3+ 21. Bxf3 Bf5 22. Qe5+ {LPDO -- Loose
Pieces Drop Off.} Qe7 23. Qxf5 1-0

[Event "Bottom-Half Class U1700"]
[Site "Warren, MI"]
[Date "2003.06.21"]
[Round "3.2"]
[White "Fick II, Douglas"]
[Black "Kaminski, Trajce"]
[Result "1/2-1/2"]
[WhiteElo "1657"]
[BlackElo "1602"]
[PlyCount "113"]
[EventDate "2003.06.21"]

1. e4 e6 2. d4 d5 3. Nd2 c5 4. exd5 Qxd5 5. dxc5 Bxc5 6. Ngf3 Nc6 7. Be2 b5 8.
O-O a6 9. Nb3 Ba7 10. Qxd5 exd5 11. Re1 Nge7 12. Bf4 O-O 13. c3 h6 14. Bd6 Re8
15. Rad1 Be6 16. Bc5 Bb8 17. Nbd4 Bd7 18. Nxc6 Bxc6 19. Nd4 Ba7 20. Bxe7 Bxd4
21. Rxd4 Rxe7 22. b4 a5 23. bxa5 Rxa5 24. Kf1 Rxa2 25. Bf3 Rxe1+ 26. Kxe1 Rc2
27. Rd3 Kf8 28. Bxd5 Bxd5 29. Rxd5 Rxc3 30. Rxb5 Rc2 31. Rb7 g5 32. g3 Kg7 33.
Kf1 Kg6 34. Rb6+ f6 35. g4 Rc4 36. h3 Rf4 37. Kg2 h5 38. f3 h4 39. Ra6 Rb4 40.
Rc6 Rb2+ 41. Kg1 Kf7 42. Ra6 Re2 43. Rb6 Re6 44. Rb7+ Re7 45. Rb6 Rd7 46. Ra6
Ke7 47. Kf2 Rd2+ 48. Kg1 Rd6 49. Ra4 Ke6 50. f4 Rd3 51. Kg2 Rg3+ 52. Kh2 Rf3
53. fxg5 fxg5 54. Ra5 Kf6 55. Kg2 Rd3 56. Rf5+ Kg6 57. Ra5 1/2-1/2

[Event "Bottom-Half Class U1700"]
[Site "Warren, MI"]
[Date "2003.06.21"]
[Round "1.3"]
[White "Fick II, Douglas"]
[Black "Johnson, Johnny"]
[Result "1-0"]
[WhiteElo "1657"]
[BlackElo "1523"]
[PlyCount "99"]
[EventDate "2003.06.21"]

1. e4 c5 2. Nf3 Nc6 3. d4 cxd4 4. Nxd4 Nxd4 5. Qxd4 e6 6. c4 Nf6 7. Nc3 a6 8.
Be2 Qc7 9. Bg5 e5 10. Qd2 Be7 11. O-O Bb4 12. Bxf6 Bxc3 13. Qxc3 gxf6 14. f4 d6
15. fxe5 fxe5 16. Rf6 Be6 17. Rc1 Qb6+ 18. Kh1 Rg8 19. Bh5 Ke7 20. Rcf1 Rg7 21.
b3 Rag8 22. g3 Qd4 23. Qf3 Kd7 24. Rd1 Qc5 25. Bxf7 Bg4 26. Rfxd6+ Qxd6 27.
Rxd6+ Kxd6 28. Qf6+ Kc5 29. Qxe5+ Kb4 30. Bxg8 Rxg8 31. Qe7+ Kc3 32. Qxh7 Bf3+
33. Kg1 Rd8 34. Kf2 Bd1 35. Qg7+ Kc2 36. g4 Rd2+ 37. Kg3 Rd3+ 38. Kh4 Re3 39.
Qxb7 Bf3 40. Qxa6 Rxe4 41. Qg6 Kd2 42. Qxe4 Bxe4 43. Kg5 Kc3 44. h4 Kb2 45. Kf4
Bc2 46. h5 Kxa2 47. g5 Kxb3 48. g6 Kxc4 49. Kg5 Kd4 50. h6 1-0

[Event "Bottom-Half Class U1900"]
[Site "Warren, MI"]
[Date "2003.06.21"]
[Round "2.2"]
[White "Farmand, Farnood"]
[Black "Vandivier, Don"]
[Result "1/2-1/2"]
[WhiteElo "1725"]
[BlackElo "1883"]
[PlyCount "82"]
[EventDate "2003.06.21"]

1. d4 Nf6 2. c4 g6 3. Nc3 d5 4. cxd5 Nxd5 5. e4 Nxc3 6. bxc3 Bg7 7. Nf3 O-O 8.
Bd3 c5 9. Be3 Bg4 10. Be2 Nc6 11. e5 Qa5 12. O-O Qxc3 13. Rc1 Qa3 14. Rxc5 Qxa2
15. h3 Bxf3 16. Bxf3 Rac8 17. Qc1 Qa6 18. d5 Bxe5 19. dxc6 Bd6 20. cxb7 Rb8 21.
Rc6 Qb5 22. Bxa7 Rxb7 23. Bd4 Rbb8 24. Qh6 Be5 25. Rc5 Bxd4 26. Rxb5 Rxb5 27.
Rd1 e5 28. Be4 Rb2 29. Rd2 Rfb8 30. Rxb2 Rxb2 31. Qh4 Bxf2+ 32. Qxf2 Rxf2 33.
Kxf2 f5 34. Bd5+ Kg7 35. Ke3 Kf6 36. g3 f4+ 37. gxf4 exf4+ 38. Kxf4 g5+ 39. Kg4
h5+ 40. Kxh5 Kg7 41. Kxg5 Kh8 1/2-1/2

[Event "Bottom-Half Class U1300"]
[Site "Warren, MI"]
[Date "2003.06.21"]
[Round "3.2"]
[White "Dupuis, Brian"]
[Black "Shetty, Atulya"]
[Result "0-1"]
[WhiteElo "1223"]
[BlackElo "1197"]
[PlyCount "53"]
[EventDate "2003.06.21"]

1. d4 d5 2. c4 e6 3. Nc3 Nf6 4. Bg5 Be7 5. Nf3 c5 6. dxc5 Bxc5 7. cxd5 exd5 8.
Nxd5 Qxd5 9. Bxf6 Qxd1+ 10. Rxd1 gxf6 11. e3 Nc6 12. a3 O-O 13. h3 Bf5 14. Rd5
Bg6 15. Rxc5 Rac8 16. Nh4 Ne5 17. Rxc8 Rxc8 18. Nxg6 fxg6 19. Kd2 Kf7 20. b3 f5
21. Be2 Kf6 22. f4 Nd7 23. g4 Nc5 24. Rc1 Nxb3+ 25. Ke1 Nxc1 26. Bf3 b6 27. Kf2
0-1

[Event "Bottom-Half Class U1900"]
[Site "Warren, MI"]
[Date "2003.06.21"]
[Round "1.4"]
[White "Dlugas, Dan"]
[Black "Stefanski, Mark"]
[Result "1-0"]
[WhiteElo "1737"]
[BlackElo "1871"]
[PlyCount "57"]
[EventDate "2003.06.21"]

1. c4 e5 2. Nc3 c5 3. g3 g6 4. Bg2 Nc6 5. Nf3 Bg7 6. d3 d6 7. O-O Nge7 8. Bg5
h6 9. Bd2 O-O 10. a3 Be6 11. Rb1 Qd7 12. b4 cxb4 13. axb4 Bh3 14. b5 Nd4 15.
Nxd4 Bxg2 16. Kxg2 exd4 17. Na4 b6 18. e4 dxe3 19. fxe3 Rac8 20. e4 f5 21. Nc3
fxe4 22. Rxf8+ Rxf8 23. Nxe4 d5 24. cxd5 Qxd5 25. Qb3 Rd8 26. Qxd5+ Rxd5 27.
Rc1 Rxd3 28. Rc7 Nf5 29. Rxa7 {Time} 1-0

[Event "Bottom-Half Class U1700"]
[Site "Warren, MI"]
[Date "2003.06.21"]
[Round "2.3"]
[White "Dillabough, Troy"]
[Black "Sattler, Peter"]
[Result "0-1"]
[WhiteElo "1494"]
[BlackElo "1624"]
[PlyCount "58"]
[EventDate "2003.06.21"]

1. e4 c5 2. Nf3 Nc6 3. Bc4 d6 4. c3 Nf6 5. d3 e6 6. O-O Be7 7. Qe2 O-O 8. a3 a6
9. Rd1 e5 10. d4 cxd4 11. cxd4 Qc7 12. dxe5 dxe5 13. Nc3 Bg4 14. Be3 Rad8 15.
Nd5 Nxd5 16. Bxd5 Bd7 17. Rac1 h6 18. Rd3 Qb8 19. Bb6 Rc8 20. Bxf7+ Kxf7 21.
Rxd7 Nd4 22. Rxd4 exd4 23. Rd1 Kg8 24. Bxd4 Qf4 25. Be5 Qg4 26. h3 Qe6 27. Kh2
Rxf3 28. gxf3 Qxe5+ 29. Kg2 Bd6 0-1

[Event "Bottom-Half Class U1700"]
[Site "Warren, MI"]
[Date "2003.06.21"]
[Round "1.6"]
[White "Dillabough, Troy"]
[Black "Robertson, John"]
[Result "1-0"]
[WhiteElo "1494"]
[BlackElo "1623"]
[PlyCount "75"]
[EventDate "2003.06.21"]

1. e4 c6 2. d4 d5 3. exd5 cxd5 4. Nf3 Bf5 5. c4 Nf6 6. Qb3 Qb6 7. Qxb6 axb6 8.
Nc3 e6 9. Nb5 Bb4+ 10. Bd2 Bxd2+ 11. Nxd2 Kd7 12. Nf3 Nc6 13. a3 Rhc8 14. Rc1
Ke7 15. Nh4 Bg6 16. Nxg6+ hxg6 17. g3 Na5 18. c5 bxc5 19. Rxc5 Nb3 20. Rc3 Rxc3
21. bxc3 Rc8 22. Bd3 Ne8 23. Bc2 Na5 24. Kd2 Nd6 25. a4 Nac4+ 26. Kc1 Nxb5 27.
axb5 Nd6 28. Kd2 Nxb5 29. Rb1 Nd6 30. Kd3 Rc7 31. f3 Nc4 32. Rb4 e5 33. Bb3
exd4 34. Kxd4 Na3 35. Kxd5 Rxc3 36. Rxb7+ Kf6 37. Kd4 Rxf3 38. Rxf7+ 1-0

[Event "Bottom-Half Class U1700"]
[Site "Warren, MI"]
[Date "2003.06.21"]
[Round "3.4"]
[White "Dillabough, Tracey"]
[Black "Wood, Jack"]
[Result "1-0"]
[WhiteElo "1593"]
[BlackElo "1634"]
[PlyCount "64"]
[EventDate "2003.06.21"]

1. d4 d5 2. c4 c6 3. Nc3 Nf6 4. Bf4 dxc4 5. e4 b5 6. f3 Bb7 7. a4 a6 8. Nh3 e6
9. Be2 Be7 10. O-O Nbd7 11. Qc2 Nh5 12. Be3 e5 13. dxe5 g6 14. Rad1 Qc7 15. e6
fxe6 16. Kh1 e5 17. f4 Ng7 18. fxe5 Nxe5 19. Ng5 h6 20. Nf3 Ng4 21. Bd4 O-O 22.
h3 Rxf3 23. hxg4 Rxf1+ 24. Rxf1 Qd6 25. Bg1 Bf6 26. e5 Bxe5 27. Ne4 Qe7 28. g3
c5 29. Bf3 Rf8 30. Bxc5 Bxe4 31. Bxe7 Bxc2 32. Bd5+ Kh7 1-0

[Event "Bottom-Half Class Top Section"]
[Site "Warren, MI"]
[Date "2003.06.21"]
[Round "1.4"]
[White "Davidovich, Manis"]
[Black "Rahm, Sri"]
[Result "1-0"]
[WhiteElo "2101"]
[BlackElo "1937"]
[PlyCount "61"]
[EventDate "2003.06.21"]

1. e4 c5 2. Nf3 Nc6 3. d4 cxd4 4. c3 d5 5. exd5 Qxd5 6. cxd4 Bg4 7. Be2 e6 8.
O-O Nf6 9. h3 Bh5 10. Nc3 Qd7 11. Ne5 Qxd4 12. Qxd4 Nxd4 13. Bxh5 Nxh5 14. Rd1
Nc2 15. Bg5 a6 16. Rac1 f6 17. Rxc2 fxe5 18. Na4 b5 19. Nb6 Rb8 20. Nd7 Ra8 21.
Rc7 h6 22. Nxf8 Kxf8 23. Be7+ Kf7 24. Rdd7 Rhc8 25. Bd6+ Kg6 26. g4 Rxc7 27.
gxh5+ Kxh5 28. Bxc7 g5 29. Bxe5 g4 30. Rd6 gxh3 31. Rxe6 1-0

[Event "Bottom-Half Class Top Section"]
[Site "Warren, MI"]
[Date "2003.06.21"]
[Round "3.2"]
[White "Davidovich, Manis"]
[Black "Hartwig, Thomas"]
[Result "1-0"]
[WhiteElo "2101"]
[BlackElo "2155"]
[PlyCount "51"]
[EventDate "2003.06.21"]

1. e4 e5 2. Nf3 Nf6 3. Nxe5 d6 4. Nxf7 Kxf7 5. d4 c5 6. dxc5 Nc6 7. Bc4+ Be6 8.
Bxe6+ Kxe6 9. c3 d5 10. O-O dxe4 11. Qb3+ Qd5 12. c4 Qd7 13. Rd1 Qc7 14. Nc3
Bxc5 15. Nd5 Bxf2+ 16. Kh1 Qc8 17. Bg5 Nd4 18. Qb4 Nf5 19. Bxf6 gxf6 20. g4 Kf7
21. gxf5 Qxf5 22. Qe7+ Kg6 23. Rg1+ Bxg1 24. Rxg1+ Kh6 25. Qg7+ Kh5 26. Nxf6+
1-0

[Event "Bottom-Half Class U1700"]
[Site "Warren, MI"]
[Date "2003.06.21"]
[Round "1.4"]
[White "Cottrell-Finegold, Kelly"]
[Black "Wood, Jack"]
[Result "1-0"]
[WhiteElo "1505"]
[BlackElo "1634"]
[PlyCount "42"]
[EventDate "2003.06.21"]

1. d4 d5 2. c4 c6 3. Nc3 Nf6 4. cxd5 cxd5 5. Nf3 Nc6 6. Bf4 a6 7. e3 Bf5 8. Bd3
Bxd3 9. Qxd3 e6 10. O-O Bd6 11. Bg5 h6 12. Bxf6 Qxf6 13. e4 Qg6 14. Qe2 dxe4
15. Nxe4 Be7 16. Rad1 Nb4 17. a3 Nd5 18. Ng3 Qg4 19. h3 Qg6 20. Ne5 Qg5 21. Nf3
Qg6 {Remainder illegible, 46?} 1-0

[Event "Bottom-Half Class U1700"]
[Site "Warren, MI"]
[Date "2003.06.21"]
[Round "2.2"]
[White "Cottrell-Finegold, Kelly"]
[Black "Fick II, Douglas"]
[Result "1/2-1/2"]
[WhiteElo "1505"]
[BlackElo "1657"]
[PlyCount "80"]
[EventDate "2003.06.21"]

1. d4 Nf6 2. c4 g6 3. Nf3 Bg7 4. Nc3 d6 5. Bf4 O-O 6. e3 c5 7. Be2 cxd4 8. exd4
a6 9. O-O d5 10. cxd5 Nxd5 11. Be5 Nc6 12. Bxg7 Kxg7 13. a3 b5 14. Re1 Bb7 15.
Rc1 Rc8 16. Bd3 e6 17. Nxd5 Qxd5 18. Be4 Qd7 19. Bxc6 Bxc6 20. Ne5 Qd5 21. Nxc6
Rxc6 22. Rxc6 Qxc6 23. Qe2 Qd5 24. Qe5+ Qxe5 25. dxe5 Rc8 26. g3 Rc2 27. b4 Ra2
28. Re3 Kf8 29. g4 h6 30. Kg2 Rd2 31. Rc3 Re2 32. Rc6 Rxe5 33. Rxa6 Re2 34. Rc6
Ra2 35. Rc3 Ke7 36. Kg3 Kd6 37. h4 f5 38. gxf5 exf5 39. Kf3 Ra1 40. Kg2 Ra2
1/2-1/2

[Event "Bottom-Half Class U1900"]
[Site "Warren, MI"]
[Date "2003.06.21"]
[Round "3.6"]
[White "Balan, Alex"]
[Black "West, Tony"]
[Result "1/2-1/2"]
[WhiteElo "1852"]
[BlackElo "1782"]
[PlyCount "99"]
[EventDate "2003.06.21"]

1. e4 c5 2. f4 d5 3. Nc3 e6 4. Nf3 Nc6 5. Bb5 Nge7 6. Ne5 a6 7. Bxc6+ Nxc6 8.
Nxc6 bxc6 9. O-O Be7 10. Qg4 O-O 11. d3 f5 12. exf5 exf5 13. Qf3 Bf6 14. Nd1
Re8 15. c3 Qe7 16. Bd2 Be6 17. Nf2 Qd7 18. Nh3 h6 19. Nf2 Rab8 20. Rab1 Re7 21.
Nh1 Rbe8 22. Ng3 g6 23. Rfe1 Bf7 24. Rxe7 Rxe7 25. Re1 Rxe1+ 26. Bxe1 Qb7 27.
Qe2 Qb5 28. Qc2 c4 29. d4 c5 30. Ne2 cxd4 31. Nxd4 Qe8 32. Bf2 Qe4 33. Qxe4
dxe4 34. g3 Bd5 35. Be3 Kf7 36. Kf2 Be7 37. a3 Kf6 38. h4 g5 39. hxg5+ hxg5 40.
Kg2 Kg6 41. Kh3 Bf6 42. Bf2 gxf4 43. gxf4 Bd8 44. Ne2 Bc6 45. Nd4 Bd7 46. Kg2
Bb6 47. Be3 Kf6 48. Kf2 Ke7 49. Ke2 Kd6 50. Kd2 1/2-1/2

[Event "Bottom-Half Class U1700"]
[Site "Warren, MI"]
[Date "2003.06.21"]
[Round "3.5"]
[White "Asbury, Victor"]
[Black "Robertson, John"]
[Result "0-1"]
[WhiteElo "1587"]
[BlackElo "1623"]
[PlyCount "96"]
[EventDate "2003.06.21"]

1. c4 Nf6 2. Nc3 e5 3. g3 Bc5 4. Bg2 O-O 5. Nf3 d6 6. O-O Be6 7. d3 a6 8. Bd2
c6 9. Na4 Ba7 10. Qb3 b5 11. Qc2 bxa4 12. Qxa4 Qc8 13. Bb4 Qc7 14. Qa3 Rd8 15.
Ng5 Bc8 16. Rac1 a5 17. Bd2 Nbd7 18. Kh1 Bb7 19. Bxa5 Bb6 20. Bxb6 Nxb6 21. Qb3
c5 22. a3 Bxg2+ 23. Kxg2 Qc6+ 24. Kg1 h6 25. Nf3 Rdb8 26. Qc2 Qb7 27. Rb1 Nc8
28. Nd2 Ne7 29. a4 Qb4 30. b3 Nc6 31. e3 Ra7 32. Rb2 Qa5 33. Rfb1 Nb4 34. Qc3
Qc7 35. Rc1 Qd7 36. Kg2 Qf5 37. e4 Qd7 38. Nb1 Nc6 39. Na3 Nd4 40. Nb5 Rab7 41.
Ra1 Qg4 42. Re1 Qf3+ 43. Kg1 Qg4 44. Kg2 Qf3+ 45. Kg1 Qg4 46. Kg2 Nh5 47. f4
Nxf4+ 48. Kh1 Qf3+ 0-1

[Event "Bottom-Half Class U1900"]
[Site "Warren, MI"]
[Date "2003.06.22"]
[Round "5.5"]
[White "Zubatch, Steve"]
[Black "West, Tony"]
[Result "1/2-1/2"]
[WhiteElo "1821"]
[BlackElo "1782"]
[PlyCount "59"]
[EventDate "2003.06.21"]

1. e4 c5 2. Nf3 Nc6 3. d4 cxd4 4. Nxd4 Nf6 5. Nc3 e5 6. Nxc6 bxc6 7. a3 Bc5 8.
Bc4 O-O 9. O-O Bb6 10. Bg5 d6 11. Qf3 Be6 12. Bxf6 gxf6 13. Bd3 Kh8 14. Ne2 Rg8
15. h3 Rg6 16. Ng3 Qd7 17. Kh2 Rag8 18. Rg1 Bxf2 19. Qxf2 Rxg3 20. Qxf6+ R8g7
21. Qh4 Qe8 22. Qxg3 Rxg3 23. Kxg3 Qg8+ 24. Kh2 Qg5 25. Rgf1 d5 26. Rae1 h5 27.
Re2 h4 28. b3 Kg7 29. a4 a5 30. Ref2 1/2-1/2

[Event "Bottom-Half Class U1700"]
[Site "Warren, MI"]
[Date "2003.06.22"]
[Round "5.7"]
[White "Wood, Jack"]
[Black "Saylor, Oliver"]
[Result "1-0"]
[WhiteElo "1634"]
[BlackElo "1549"]
[PlyCount "63"]
[EventDate "2003.06.21"]

1. e4 c5 2. Nf3 d6 3. d3 Bg4 4. Be2 Nf6 5. c3 e5 6. O-O Be7 7. Ne1 Bxe2 8. Qxe2
O-O 9. f4 Nc6 10. g4 Qd7 11. f5 d5 12. g5 Ne8 13. Rf3 dxe4 14. dxe4 g6 15. f6
Qg4+ 16. Qg2 Qxg2+ 17. Kxg2 Bd8 18. Be3 b6 19. h4 Nd6 20. Nd2 Na5 21. b3 c4 22.
b4 Nc6 23. a4 Bc7 24. h5 Nd8 25. Rh3 Ne6 26. Nef3 Nf4+ 27. Bxf4 exf4 28. Rah1
h6 29. hxg6 fxg6 30. Rxh6 Rac8 31. Ne5 Nf7 32. Rxg6# 1-0